000 00656cam a22002053a 4500
001 39070
003 PGUSA
005 20140828083849.0
008 120307s2012||||xxu|||||s|||||000 | eng d
040 _aPGUSA
_beng
042 _adc
100 1 _aTischner, August,
_d1819-
245 1 4 _aThe Sun changes its position in space :
_btherefore it cannot be regarded as being "in a condition of rest"
_h[electronic resource] /
_cAugust Tischner
260 _bProject Gutenberg,
_c2012
506 _aPublic domain in the USA.
516 _aElectronic text
830 0 _aProject Gutenberg
_v39070
856 4 0 _uhttp://www.gutenberg.org/ebooks/39070
942 _cEB
999 _c268323
_d268323